Críticos y lectores de Rousseau
Gardado en:
| Autor Principal: | |
|---|---|
| Formato: | Libro |
| Idioma: | Lingua castelá |
| Publicado: |
Medellín
Universidad de Antioquia
2006
|
| Edición: | 1a. ed |
| Subjects: | |
| Tags: |
Engadir etiqueta
Sen Etiquetas, Sexa o primeiro en etiquetar este rexistro!
|
MARC
| LEADER | 00000cam a2200000 a 4500 | ||
|---|---|---|---|
| 001 | UCI1921 | ||
| 003 | CL-VaPUC | ||
| 008 | 070727e20060000CK |||||||||||||||||spa|d | ||
| 020 | |a 9586559513 | ||
| 082 | 0 | 4 | |a 320.011 |b ARA |2 21 |
| 100 | 0 | |a Arango Posada, Iván Darío |e author |9 522738 | |
| 245 | 1 | 0 | |a Críticos y lectores de Rousseau |
| 250 | |a 1a. ed | ||
| 300 | |a 172 p | ||
| 942 | |c BK | ||
| 945 | |d 20070727 00:00:00 |a rbrito | ||
| 260 | |a Medellín |b Universidad de Antioquia |c 2006 | ||
| 600 | 0 | |a Rousseau, Jean Jacques |e autor |9 255697 | |
| 650 | 7 | |a FILOSOFIA POLITICA |2 CL-VaPUC |9 522739 | |
| 650 | 0 | |a Etica política |9 255799 | |
| 650 | 7 | |a LIBERTAD POLITICA |2 CL-VaPUC |9 344275 | |
| 583 | |a last modification |c 20120914 12:17:00 |k Rodrigo Vera | ||
| 999 | |c 326610 |d 326608 | ||
| 952 | |0 0 |1 0 |4 0 |6 320_011000000000000_ARA_2006 |7 0 |8 A |9 408632 |a BIBEDU |b BIBEDU |d 2019-11-22 |i 4358252 |o 320.011 ARA 2006 |p 4358252 |r 2019-11-22 |w 2019-11-22 |y BK |k FIL | ||
| 952 | |0 0 |1 0 |4 0 |6 320_011000000000000_ARA_2006 |7 0 |8 A |9 408633 |a BIBEDU |b BIBEDU |d 2019-11-22 |i 4903137 |o 320.011 ARA 2006 |p 4903137 |r 2019-11-22 |w 2019-11-22 |y BK |k FIL | ||